Music Quiz

Random Music or Bands Quiz

Odd One Out: Rock Bands II Quiz Stats

 Plays Quiz Updated Jul 9, 2015

Support Sporcle.
Go Orange.
Score 0/18 Timer 05:00
3 Plays Today
% Correct
C is correct! That's Pete Townshend of The Who
73.1%
C is correct! That's Geddy Lee of Rush
67.8%
D is correct! That's Vinnie Paul of Pantera fame
64.6%
A is correct! That's Klaus Meine of the Scorpions
62.7%
B is correct! That's Steve Vai
62.2%
D is correct! That's David Silveira of Korn
60.1%
B is correct! That's James Iha of The Smashing Pumpkins fame
46.2%
C is correct! That's Mark Knopfler of Dire Straits
45.3%
D is correct! That's Don Henley of the Eagles
42.8%
% Correct
A is correct! That's Jeffrey Nothing of Mushroomhead
40%
A is correct! That's Jello Biafra of the Dead Kennedys
39.1%
C is correct! That's Tim Commerford of Rage Against The Machine
38.8%
D is correct! That's Mike Portnoy of Dream Theater fame
36.1%
C is correct! That's Matt Freeman of Rancid
36%
A is correct! That's Tom Araya of Slayer
34.3%
B is correct! That's Kim Thayil of Soundgarden
33.9%
D is correct! That's Eric Kretz of Stone Temple Pilots
33.7%
C is correct! That's Sam Rivers of Limp Bizkit
33.2%

From the Vault

Spicy Quiz

by puckett86

A good knowledge of spices will take you far in life.
Remove Ads.
Support Sporcle.
Get the best of Sporcle when you Go Orange. This ad-free experience offers more features, more stats, and more fun while also helping to support Sporcle. Thank you for becoming a member.

Show Comments

Extras

Top Quizzes Today


Score Distribution

Your Account Isn't Verified!

In order to create a playlist on Sporcle, you need to verify the email address you used during registration. Go to your Sporcle Settings to finish the process.

Report this User

Report this user for behavior that violates our Community Guidelines.

Details: